अपने साथ / (Record no. 113402)

MARC details
000 -LEADER
fixed length control field 00949nam a22002537a 4500
005 - DATE AND TIME OF LATEST TRANSACTION
control field 20170124102952.0
010 ## - LIBRARY OF CONGRESS CONTROL NUMBER
LC control number A-725802
020 ## - INTERNATIONAL STANDARD BOOK NUMBER
Terms of availability 40.00
035 ## - SYSTEM CONTROL NUMBER
System control number A-725802
037 ## - SOURCE OF ACQUISITION
Source of stock number/acquisition Cen Lib/Ret
040 ## - CATALOGING SOURCE
Original cataloging agency DPL
Language of cataloging HN
082 ## - DEWEY DECIMAL CLASSIFICATION NUMBER
Classification number
Item number महेश
100 ## - MAIN ENTRY--PERSONAL NAME
Personal name महेश दर्पण
9 (RLIN) 52085
245 ## - TITLE STATEMENT
Title अपने साथ /
Statement of responsibility, etc महेश दर्पण
246 ## - VARYING FORM OF TITLE
Title proper/short title Apne sath /
Remainder of title by Mahesh Darpan
260 ## - PUBLICATION, DISTRIBUTION, ETC. (IMPRINT)
Place of publication, distribution, etc नयी दिल्ली
Name of publisher, distributor, etc सचिन प्रकाशन
Date of publication, distribution, etc 1992
270 ## - ADDRESS
Address 7/34, अंसारी रोड, दरयागंज
City नयी दिल्ली
Postal code 110002
300 ## - PHYSICAL DESCRIPTION
Extent 112पृ.
Dimensions 16सेमी(सजिल्द )
650 ## - SUBJECT ADDED ENTRY--TOPICAL TERM
Topical term or geographic name as entry element हिंदी साहित्य
General subdivision
Geographic subdivision
9 (RLIN) 52086
650 ## - SUBJECT ADDED ENTRY--TOPICAL TERM
Topical term or geographic name as entry element हिंदी कहानियां
9 (RLIN) 2082
650 ## - SUBJECT ADDED ENTRY--TOPICAL TERM
Topical term or geographic name as entry element Hindi literature
Form subdivision
9 (RLIN) 52087
650 ## - SUBJECT ADDED ENTRY--TOPICAL TERM
Topical term or geographic name as entry element Hindi stories
9 (RLIN) 52088
942 ## - ADDED ENTRY ELEMENTS (KOHA)
Source of classification or shelving scheme Dewey Decimal Classification
Koha item type Hindi Books
Classification part
Call number suffix महेश
Holdings
Withdrawn status Lost status Damaged status Not for loan Home library Current library Date acquired Source of acquisition Cost, normal purchase price Total Checkouts Full call number Barcode Date last seen Copy number Cost, replacement price Price effective from Koha item type Public note
Written off       Central Library Central Library 12/08/2015 Cen Lib/Ret 40.00   क महेश A-725802 12/08/2015 1 40.00 12/08/2015 Hindi Books Written off on approval by DLB (By Circulation); dtd 20.12.2022
        Central Library Central Library 19/08/2015 Cen Lib/Ret 40.00   क महेश A-725801 19/08/2015 1 40.00 19/08/2015 Hindi Books  

© Delhi Public Library
Hit Counter
free hit counter